书目信息 |
| 题名: |
国际投资和我国利用外资概论
|
|
| 作者: | 肖勤福 主编 | |
| 分册: | ||
| 出版信息: | 北京 中共中央党校出版社 1996 |
|
| 页数: | 307页 | |
| 开本: | 19cm | |
| 丛书名: | ||
| 单 册: | ||
| 中图分类: | F831.6 | |
| 科图分类: | ||
| 主题词: | 对外投资--基本知识 , 外资利用--概况--中国 | |
| 电子资源: | ||
| ISBN: | 7-5035-1409-4 | |
| 000 | 00759nam0 2200241 45 | |
| 001 | 0196039099 | |
| 005 | 20070726094329.36 | |
| 010 | @a7-5035-1409-4@dCNY11.00 | |
| 100 | @a19960813d1996 em y0chiy0121 ea | |
| 101 | 0 | @achi |
| 102 | @aCN@b110000 | |
| 105 | @ay z 000yy | |
| 200 | 10 | @a国际投资和我国利用外资概论@AGUO JI TOU ZI HE WO GUO LI YONG WAI ZI GAI LUN@f肖勤福主编@FXIAO QIN FU ZHU BIAN |
| 210 | @a北京@c中共中央党校出版社@d1996 | |
| 215 | @a307页@d19cm | |
| 314 | @a肖勤福,中共中央党校教务部教育研究室副主任、副教授 | |
| 540 | 1 | @a国际投资@AGUO JI TOU ZI |
| 606 | @a对外投资@x基本知识 | |
| 606 | @a外资利用@x概况@y中国 | |
| 690 | @aF831.6@v4 | |
| 701 | 0 | @a肖勤福@AXIAO QIN FU@4主编 |
| 801 | 0 | @aCN@bTSSF@c20070726 |
| 905 | @a10447@dF831.6@e29 | |
| 国际投资和我国利用外资概论/肖勤福主编.-北京:中共中央党校出版社,1996 |
| 307页;19cm |
| ISBN 7-5035-1409-4:CNY11.00 |
| ● |
| 相关链接 |
|
|
|
|
正题名:国际投资和我国利用外资概论
索取号:F831.6/29
 
预约/预借
| 序号 | 登录号 | 条形码 | 馆藏地/架位号 | 状态 | 备注 |
| 1 | 0769334 | 207693343 | 第一样本阅览室/ [索取号:F831.6/29] | 在馆 |